Top 10 Most Deadliest Animals - Statistics

General Stats
  • This quiz has been taken 259 times
  • The average score is 5 of 10
Answer Stats
Hint Answer % Correct
6. African Lion
80%
7. Great White Shark
69%
10. Mosquito
64%
4. Elephant
60%
3. Polar Bear
54%
5. Crocodile
52%
9. Asian Cobra
45%
8. Australian Box Jellyfish
40%
2. Cape Buffalo
26%
1. Poison Dart Frog
13%
No matching quizzes found
Score Distribution
Percent of People with Each Score
Percentile by Number Answered
Your Score History
You have not taken this quiz